000
00233 a2200097 4500
020
_a
9781842650431
100
_a
Rathore, T. S.
245
_a
Digital measurement techniques
250
_a
2nd ed.
260
_b
Alpha Science International
_c
2003
999
_c
473
_d
473